[Event "Oberliga NRW 9394 I"]
[Site "Germany"]
[Date "1994.??.??"]
[Round "?"]
[White "Belov, Igor2222"]
[Black "Borngaesser, Rene"]
[Result "1-0"]
[WhiteElo "2450"]
[BlackElo "2370"]
[PlyCount "71"]
[EventDate "1993.10.??"]
[EventType "team"]
[EventRounds "9"]
[EventCountry "GER"]
[SourceTitle "GER"]
[Source "ChessBase"]
[SourceDate "1999.07.01"]
[SourceVersion "1"]
[SourceVersionDate "1999.07.01"]
[SourceQuality "1"]

1. Nf3 f5 2. g3 Nf6 3. Bg2 g6 4. 0-0 Bg7 5. d4 0-0 6. c3 c6 7. Nbd2 Kh8 8. Re1 d5 9. Ne5 Nbd7 10. Ndf3 Nxe5 11. Nxe5 Nd7 12. Bf4 Nxe5 13. Bxe5 Be6 14. Bxg7+ Kxg7 15. Qd2 Qd6 16. e3 Bf7 17. a4 a5 18. b4 b6 19. Reb1 Rfb8 20. Rb2 c5 21. bxc5 bxc5 22. Rab1 c4 23. Rb5 Rxb5 24. Rxb5 e6 25. Qb2 Ra7 26. Rb8 Rd7 27. Qb5 Ra7 28. Bf3 g5 29. h3 h5 30. g4 hxg4 31. hxg4 fxg4 32. Bxg4 Kf6 33. Rb6 Qd7 34. Qc5 Qe7 35. Qxd5 Qc7 36. Qf5+ 1-0